| 000 | 00356nam a22001577a 4500 | ||
|---|---|---|---|
| 003 | OSt | ||
| 020 | _a9788131516775 | ||
| 082 |
_a658.15 _bSAW/MA |
||
| 100 | _aSAWYERS | ||
| 245 | _aManagerial ACCT | ||
| 250 | _a1 st | ||
| 260 |
_aNew Delhi _bCengage Learning _c2011 |
||
| 300 | _a350 | ||
| 650 | _aUnder Standing Financial Statement | ||
| 942 |
_2ddc _cBK |
||
| 999 |
_c188928 _d188928 |
||